000 00316nam a22001337a 4500
082 _a823
_bPAI/P
100 _aPAI, ANANT
245 _aTHE PANDIT AND THE MILKMAID
260 _aMUMBAI
_bAMAR CHITHRA KATHA
300 _a30
520 _aENGLISH SHORT STORIES
650 _aENGLISH SHORT STORIES
_zMUMBAI
942 _cBK
999 _c5213
_d5213